Word Ladder: Billiards Quiz Stats

Quiz Updated Jan 24, 2016

Challenge
Share
Tweet
Embed
Score 0/22 Timer 02:00
0 Plays Today
Clue Word % Correct
1985 film: ____ to the FutureBACK
98.3%
Quentin Tarantino film: Kill ____BILL
98.1%
A small tablet of medicinePILL
97.4%
• Object you aim to sink into a pocket •• BALL •
95.4%
Sharp explosive cry of a dogBARK
94.5%
A survey of the public to acquire informationPOLL
93.4%
• Triangular frame for organizing the balls •• RACK •
93.2%
Level of position in the armyRANK
90.1%
Edible object for holding ice creamCONE
88.8%
• Type of shot that bounces off the side first •• BANK •
88.4%
The centre of the EarthCORE
87.8%
Clue Word % Correct
• Type of line that divides a billiards table •• BALK •
86.5%
Nothing, nada, zilchNONE
85.6%
Remedy for a diseaseCURE
85%
• Establishments where billiards is played often •• BARS •
83.3%
• Popular subdivision of billiards •• POOL •
82.2%
ProhibitsBANS
76.9%
• Popular alternative to eight-ball: ____-ball •• NINE •
75.3%
• Sticks that are used for billiards •• CUES •
74.7%
Dogs considered inferior or undesirableCURS
67.5%
Fatal injury or ruinBANE
44.7%
A long flexible stem of a climbing plantBINE
40.9%

Today's Daily Dose

Missing Word
1971 Movies A-Z

Word Ladder
Complete Tour

Quick Pick
Logo Colors

On This Day
January 19th

You're not logged in!

Compare scores with friends on all Sporcle quizzes.
Sign Up with Email
OR
Log In

You Might Also Like...

Show Comments

Extras

Top Quizzes Today


Score Distribution

Your Account Isn't Verified!

In order to create a playlist on Sporcle, you need to verify the email address you used during registration. Go to your Sporcle Settings to finish the process.